00854cam a2200205 4500008004100000020001500041035001200056245019500068250001200263260004100275300002100316440001600337504002800353506002000381650005900401650006300460650005200523700003000575700004300605041109s1998 mx grb 000 0 spa u a9682321387 aa44129300aEducación, democracia y desarrollo en el fin de siglo / cpor Carlos A. Torres... [et al.] ; coordinado por, Armando Alcántara Santuario, Ricardo Pozas Horcasitas, Carlos Alberto Torres. a1a. ed. aMéxico :bSiglo Veintiuno, c1998. a288 p. ;c23 cm. 0aEducación aIncluye bibliografías aRec. prop. esc. 4aEducación xAspectos sociales zMéxico vCongresos 4aEducación xAspectos Económicos zMéxico vCongresos 4aPolítica y educación zMéxico vCongresos1 aTorres, Carlos A., coaut.1 aAlcántara Santuario, Armando, coord.